Kontrollert oppbevaring - sikring i fengsel of frihet
| 1. VerfasserIn: | |
|---|---|
| Medienart: | Druck Buch |
| Sprache: | Nichtbestimmte Sprache |
| Veröffentlicht: |
Oslo
Univ.-forl. AS
1987
|
| In: |
Institutt for Kriminologi og Strafferetts skriftserie (1987,3)
Jahr: 1987 |
| Bestand in Tübingen: | In Tübingen vorhanden. UB: KB 18 A 2471-3 |
| Verfügbarkeit prüfen: | HBZ Gateway |
| Subito Bestelldienst: | Jetzt bestellen. |
MARC
| LEADER | 00000cam a2200000 cb4500 | ||
|---|---|---|---|
| 001 | 1083084283 | ||
| 003 | DE-627 | ||
| 005 | 20220514104455.0 | ||
| 007 | tu | ||
| 008 | 870821s1987 xx ||||| 00| ||und c | ||
| 020 | |a 8200078493 |9 82-00-07849-3 | ||
| 035 | |a (DE-627)1083084283 | ||
| 035 | |a (DE-576)013084283 | ||
| 035 | |a (DE-599)BSZ013084283 | ||
| 035 | |a (OCoLC)23287196 | ||
| 040 | |a DE-627 |b ger |c DE-627 |e rakwb | ||
| 100 | 0 | |a Terje |4 aut | |
| 245 | 1 | 0 | |a Kontrollert oppbevaring - sikring i fengsel of frihet |c "Terje" |
| 264 | 1 | |a Oslo |b Univ.-forl. AS |c 1987 | |
| 300 | |a Getr. Zählung | ||
| 336 | |a Text |b txt |2 rdacontent | ||
| 337 | |a ohne Hilfsmittel zu benutzen |b n |2 rdamedia | ||
| 338 | |a Band |b nc |2 rdacarrier | ||
| 490 | 1 | |a Kritisk søkelys på rettspsykiatrien | |
| 490 | 1 | |a Institutt for Kriminologi og Strafferetts skriftserie |v 1987,3 | |
| 583 | 1 | |a Archivierung prüfen |c 20200919 |f DE-640 |z 2 |2 pdager | |
| 810 | 2 | |a Institutt for Kriminologi og Strafferett |t Institutt for Kriminologi og Strafferetts skriftserie |v 1987,3 |9 1987,3 |w (DE-627)1083057685 |w (DE-576)013057685 |7 am | |
| 830 | 0 | |a Kritisk søkelys på rettspsykiatrien |v (Ter) |9 ter |w (DE-627)1083084429 |w (DE-576)013084429 |7 am | |
| 951 | |a MV | ||
| ELC | |b 1 | ||
| LOK | |0 000 xxxxxcx a22 zn 4500 | ||
| LOK | |0 001 2099409145 | ||
| LOK | |0 003 DE-627 | ||
| LOK | |0 004 1083084283 | ||
| LOK | |0 005 20151026132833 | ||
| LOK | |0 008 870821||||||||||||||||ger||||||| | ||
| LOK | |0 040 |a DE-21 |c DE-627 |d DE-21 | ||
| LOK | |0 852 |a DE-21 | ||
| LOK | |0 852 1 |c KB 18 A 2471-3 |9 00 | ||
| LOK | |0 935 |a krim | ||
| LOK | |0 939 |a 21-08-87 |b l01 | ||
| ORI | |a SA-MARC-krimdoka001.raw | ||
| SIG | |a UB: KB 18 A 2471-3 | ||
